000 00414nam a2200169Ia 4500
001 3523
005 20260306145650.0
008 260306t9999||||xx |||||||||||||| ||spa||
041 _aESP
082 _a286.5
_bCH533
100 _aChávez Contreras, Germán
_eAUT
245 0 _aEl aporte social de la iglesia católica en el Perú
300 _a
_c
650 _aGEN
654 _aCHU
942 _cLIB
_dJUS
_fJUS
_2ddc
_n
999 _c3523
_d3523